| 000 | 00549nam a2200181Ia 4500 | ||
|---|---|---|---|
| 003 | GCL | ||
| 008 | 140319s9999 xx 000 0 ara d | ||
| 040 |
_aGCL / _cGCL |
||
| 082 | 0 | 4 |
_a709 _bا ت |
| 100 | 1 | _aابراهيم البعلبكى | |
| 245 | 1 | 0 |
_aتاريخ الفن (وجوده - الفن واللغة - النحت البارز) / _cابراهيم البعلبكى |
| 300 | _a217 ص | ||
| 490 |
_a100 قصة _v0 |
||
| 650 | 0 | 4 | _aالفن |
| 650 | 0 | 4 | _aتاريخ الفن القديم |
| 650 | 0 | 4 | _aتاريخ ونقد |
| 942 |
_2ddc _cBK |
||
| 999 |
_c44078 _d44078 |
||